000 00895nam a22002297a 4500
005 20121207120156.0
008 121207t xxu||||| |||| 00| 0 eng d
010 _aENG-106281
020 _a9788184841534
_c1380.00
035 _aEN-89814
037 _bDBAD/PUB
040 _aDPL
_bEng
082 _a307.1412
100 _954009
_aLakashmipathi Raju, M.
245 _aCommunity organization and social action :
_cby M. Lakshmipathi Raju
_bsocial work methods and practices /
260 _aNew Delhi
_bRegal Publications
_c2012
270 _aF-159 Rajouri Garden
_bNew Delhi
_e110027
300 _axxviii,361p.
_c23cm(Hb)
500 _aIncludes bibliographical references and index
942 _2ddc
_cEN
_mLAK
_h307.1412
999 _c71936
_d71936